000
00276nam a22001217a 4500
020
_a
9789350300572
082
_a
631.587.
_b
SIN/HA
100
_a
Singh,P
_9
1010
245
_a
Handbook of Irrigation
260
_a
Jaipur
_b
Oxford Book Company
_c
2012
300
_a
296
942
_c
BK
999
_c
14586
_d
14586